000 01782nam a2200349 i 4500
001 000026382
003 DO-SdBNP
005 20240509153156.0
007 ta
008 110315s1999 dr ac 001 0 spa d
040 _aDO-SdBNP
_bspa
_cBNPHU
_erda
082 4 _a972.9342
_bF475d
_222
100 1 _aFiguereo Agramonte, Leopoldo,
_d1953-
_953408
_eautor
245 1 0 _aDe Liborio a Palma Sola /
_cLeopoldo Figuereo Agramonte.
264 _aSan Juan de la Maguana, República Dominicana :
_bLogos,
_c1999.
300 _a212 páginas :
_bilustraciones, retratos;
_c21 cm.
336 _2rdacontent
_atexto
_btxt
337 _2rdamedia
_asin mediación
_bn
338 _2rdacarrier
_avolumen
_bnc
500 _aIncluye datos biográficos del autor en la contracubierta.
504 _aBibliografía : p. 209-212.
505 0 _aPrólogo --
_gCapítulo 1--
_tLa ciudad heroica --
_gCapítulo 2--
_tLos amos del valle --
_gCapítulo 3--
_tEl cimarron de la cordillera --
_gCapítulo 4--
_tLa pugna militar --
_gCapítulo 5--
_tEspiritualidad palmasoleña --
_gCapítulo 6--
_tLa revelación de los quemados --
_gCapítulo 7--
_tEl presagio --
_gCapítulo 8--
_tMataron al General --
_gCapítulo 9--
_tTratamiento periodístico del genocidio --
_gCapítulo 10--
_tEntre el dolor, amor y la esperanza .
590 _aInventariado, 2019/MFF
600 1 4 _aMateo Ledesma, Liborio
_d1978-1922
_953409
650 4 _aMasacres
_zRepública Dominicana.
_zPalma Sola (San Juan)
_953410
651 4 _aRepública Dominicana
_xHistoria
_9170
651 4 _a San Juan de la Maguana (República Dominicana)
_911181
651 4 _aPalma Sola (San Juan, República Dominicana)
_953411
651 4 _aRepública Dominicana
_xHistoria
_yRevolución, 1965
_92167
910 _aValidado. Control de calidad EMS
942 _2ddc
_cLBS1
999 _c25874
_d25874